书目信息 |
| 题名: |
牛津临床口腔科手册
|
|
| 作者: | Mitchell , Mitchell , Brunton 原著 ;刘宏伟 主译 | |
| 分册: | ||
| 出版信息: | 北京 人民卫生出版社 2006.03 |
|
| 页数: | 530页 | |
| 开本: | 19cm | |
| 丛书名: | 牛津临床系列手册 | |
| 单 册: | ||
| 中图分类: | R78-62 | |
| 科图分类: | ||
| 主题词: | 口腔科学--kou qiang ke xue--临床医学--手册 | |
| 电子资源: | ||
| ISBN: | 7-117-07455-8 | |
| 000 | 01293nam2 2200313 450 | |
| 001 | 0100000272 | |
| 005 | 20060622085156.05 | |
| 010 | @a7-117-07455-8@dCNY49.00 | |
| 100 | @a20060612d2006 ekmy0chiy50 ea | |
| 101 | 1 | @achi@ceng |
| 102 | @aCN@b110000 | |
| 105 | @aa z 000yy | |
| 200 | 1 | @a牛津临床口腔科手册@Aniu jin lin chuang kou qiang ke shou ce@dOxford handbook of clinical dentistry@f(英)David A. Mitchell,Laura Mitchell,Paul Brunton原著@g刘宏伟主译@zeng |
| 205 | @a4版 | |
| 210 | @a北京@c人民卫生出版社@d2006.03 | |
| 215 | @a530页@c图@d19cm | |
| 225 | 2 | @a牛津临床系列手册@Aniu jin lin chuang xi lie shou ce |
| 330 | @a本书包括龋病危险性的评估、新的牙体预备技术、儿童口腔医学的最新发展,新的修复方式和行为管理、给残疾患者的饮食建议和治疗,亦增加了彩图部分,以帮助读者辨认口腔黏膜病损、病理变化,并诠释修复技术。 | |
| 333 | @a供全体口腔医学生和从事口腔医疗工作的医师使用。 | |
| 461 | 0 | @12001 @a牛津临床系列手册 |
| 510 | 1 | @aOxford handbook of clinical dentistry@zeng |
| 606 | 0 | @a口腔科学@Akou qiang ke xue@x临床医学@j手册 |
| 690 | @aR78-62@v4 | |
| 701 | A1 | @aMitchell@bDavid A.@4原著 |
| 701 | A1 | @aMitchell@bLaura@4原著 |
| 701 | A1 | @aBrunton@bPaul@4原著 |
| 702 | 0 | @a刘宏伟@Aliu hong wei@4主译 |
| 801 | @aCN@bYXSD@c20060622 | |
| 905 | @aBZT@dR78-62@e1@f10 | |
| 牛津临床口腔科手册=Oxford handbook of clinical dentistry/(英)David A. Mitchell,Laura Mitchell,Paul Brunton原著/刘宏伟主译.-4版.-北京:人民卫生出版社,2006.03 |
| 530页:图;19cm.-(牛津临床系列手册) |
| 使用对象:供全体口腔医学生和从事口腔医疗工作的医师使用。 |
| ISBN 7-117-07455-8:CNY49.00 |
| 本书包括龋病危险性的评估、新的牙体预备技术、儿童口腔医学的最新发展,新的修复方式和行为管理、给残疾患者的饮食建议和治疗,亦增加了彩图部分,以帮助读者辨认口腔黏膜病损、病理变化,并诠释修复技术。 |
| ● |
| 相关链接 |
|
|
|
正题名:牛津临床口腔科手册
索取号:R78-62/1
 
预约/预借
| 序号 | 登录号 | 条形码 | 馆藏地/架位号 | 状态 | 备注 |
| 1 | 0448333 | 230005765 | 样本书库/样003架B面4层3列/ [索取号:R78-62/1] | 在馆 | |
| 2 | 0448334 | 230005764 | 中心书库中库/ 中库014架B面5列3层1/ [索取号:R78-62/1] | 在馆 | |
| 3 | 0448335 | 230005763 | 中心书库中库/ 中库014架B面5列3层5/ [索取号:R78-62/1] | 在馆 | |
| 4 | 0448336 | 230005762 | 中心书库中库/ 中库014架B面5列3层6/ [索取号:R78-62/1] | 在馆 | |
| 5 | 0448337 | 230005761 | 中心书库中库/ 中库014架B面5列3层3/ [索取号:R78-62/1] | 在馆 | |
| 6 | 0448338 | 230005760 | 中心书库中库/ 中库014架B面5列3层2/ [索取号:R78-62/1] | 在馆 | |
| 7 | 0448339 | 230005759 | 中心书库中库/ 中库040架B面2列4层15/ [索取号:R78-62/1] | 在馆 | |
| 8 | 0448340 | 230005758 | 中心书库中库/ 中库014架B面5列3层7/ [索取号:R78-62/1] | 在馆 | |
| 9 | 0448341 | 230005757 | 中心书库中库/ 中库014架B面5列3层8/ [索取号:R78-62/1] | 在馆 | |
| 10 | 0448342 | 230005756 | 中心书库中库/ 中库014架B面5列3层4/ [索取号:R78-62/1] | 在馆 |